„Idegen” a családban (Az örökbefogadás pedagógiai és pszichológiai kérdései)

Elmentve itt :
Bibliográfiai részletek
Szerző: Kasza Andrea
További közreműködők: Fáyné dr. Dombi Alice (Témavezető)
Dokumentumtípus: Szakdolgozat
Megjelent: 1999
Tárgyszavak:
Online Access:http://diploma.bibl.u-szeged.hu/116352
LEADER 00754nta a2200205 i 4500
001 dipl116352
005 20210616072845.0
008 210604s1999 hu om 0|| zxx d
040 |a SZTE Diploma Repozitórium  |b hun 
041 |a zxx 
100 1 |a Kasza Andrea 
245 1 0 |a „Idegen” a családban (Az örökbefogadás pedagógiai és pszichológiai kérdései)  |h [elektronikus dokumentum] /  |c Andrea Kasza 
260 |c 1999 
300 |a 55 
650 4 |a Pedagógusképzés 
650 4 |a Social sciences 
650 4 |a Educational sciences 
650 4 |a Education, general (including training, pedagogy, didactics) 
700 2 |a Fáyné dr. Dombi Alice  |e ths 
856 4 0 |u http://diploma.bibl.u-szeged.hu/id/eprint/116352/1/1999_kasza_andrea.pdf  |z Dokumentum-elérés